| 000 | 00826 a2200205 4500 | ||
|---|---|---|---|
| 999 |
_c4141 _d4141 |
||
| 020 | _a0415110904 : | ||
| 050 | 0 | 0 | _aLB2369 BER1966 |
| 100 | 1 |
_aBerry, Ralph, _d1931- |
|
| 245 | 1 | 4 |
_aThe research project : _bhow to write it / _cRalph Berry. |
| 250 | _a3rd ed. | ||
| 264 |
_aNew york : _RRoutledge, _cc1994 |
||
| 300 |
_av, 116 p. : _bill. ; |
||
| 500 | _aRev. ed. of: How to write a research paper. 2nd ed. 1986. | ||
| 504 | _aIncludes bibliographical references (p. 116). | ||
| 650 | 0 | _aReport writing. | |
| 700 | 1 |
_aBerry, Ralph, _d1931- _tHow to write a research paper. |
|
| 856 | 4 | 2 |
_3Publisher description _uhttp://www.loc.gov/catdir/enhancements/fy0909/94009071-d.html |
| 942 |
_2lcc _cBK _h2369 _iBER _kLB |
||